000 00445nam a2200133Ia 4500
003 GCL
008 140319s9999 xx 000 0 ara d
040 _aGCL /
_cGCL
082 0 4 _a658.409
_bم ت
100 1 _aمحمد يوسف
245 1 0 _aالتدريب على الاساليب الحديثة فى ادارة الوقت /
_cمحمد يوسف
250 _aالاولى
260 _aالكويت :
_bمطبوعات جامعة الكويت ،
_c1998
999 _c2881
_d2881